Zamestnanosť v SR, krajoch a okresoch 2003

Gespeichert in:
Bibliographische Detailangaben
Format: Buch
Sprache:Slowakisch
Veröffentlicht: Bratislava Štatistický úrad Slovenskej republiky 2004
Schriftenreihe:Demografia a sociálna štatistika
Schlagworte:
Tags: Tag hinzufügen
Keine Tags, Fügen Sie das erste Tag hinzu!

MARC

LEADER 00000nam$a2200000$$$4500
001 0020756
005 20240104094623.4
041 0 |a slo 
044 |a SK 
245 1 0 |a Zamestnanosť v SR, krajoch a okresoch 2003 
264 1 |a Bratislava  |b Štatistický úrad Slovenskej republiky  |c 2004 
300 |a 24 s. 
490 1 |a Demografia a sociálna štatistika 
830 0 |a Demografia a sociálna štatistika 
610 2 0 |a štatistika 
610 2 0 |a údaje štatistické 
610 2 0 |a tabuľky štatistické 
610 2 0 |a zamestnanosť 
610 2 0 |a kraje 
610 2 0 |a okresy 
610 2 0 |a Slovensko 
610 2 0 |a 2003